000 00332nam a22001337a 4500
082 _a657.45 DAV
100 _aGordon, B.
245 _aAuditing $EDP
260 _aNew York
_bAmerica institute of certified public Accountanta Inc
_c1968
300 _a344p.
_bill;23 cm
500 _ainclude index
650 _aAuditing
942 _cBK
999 _c17867
_d17867